Normal view
MARC view
Entry Nombre personal
001 - NÚMERO DE CONTROL
- campo de control: 888
003 - IDENTIFICADOR DE NÚMERO DE CONTROL
- campo de control: DLC
005 - FECHA Y HORA DE LA ÚLTIMA TRANSACCIÓN
- campo de control: 20260313095714.0
008 - ELEMENTOS DE DATO DE LONGITUD-FIJA
- campo de control de longitud fija: 820126n| azannaabn |n aaa
010 ## - NÚMERO DE CONTROL DE LA BIBLIOTECA DEL CONGRESO
- Número de control de LC: n 81125854
035 ## - NÚMERO DE CONTROL DEL SISTEMA
- Número de control de sistema: (OCoLC)oca00670768
040 ## - FUENTE DE CATALOGACIÓN
- Centro catalogador/agencia de origen: DLC
- Lengua de catalogación: eng
- Normas de descripción: rda
- Centro/agencia transcriptor: DLC
- Centro/agencia modificador: DLC
- Centro/agencia modificador: NjP
- Centro/agencia modificador: OCoLC
- Centro/agencia modificador: IEN
- Centro/agencia modificador: DLC
046 ## - FECHAS CON CODIFICACIÓN ESPECIAL
- Fecha de nacimiento: 1927
- Fuente del esquema de fecha: edtf
053 #0 - NÚMERO DE CLASIFICACIÓN LC
- Número de clasificación–único número o número inicial del rango: PQ2668.E685
100 1# - ENCABEZAMIENTO-NOMBRE DE PERSONA
- Nombre de persona: Hérubel, Michel
670 ## - FUENTE DE DATOS ENCONTRADOS
- Cita de la fuente: His La peinture gothique.
670 ## - FUENTE DE DATOS ENCONTRADOS
- Cita de la fuente: La bataille des Dardanelles, 1914-1916 ... c1998:
- Información encontrada: t.p. (Michel Hérubel)
670 ## - FUENTE DE DATOS ENCONTRADOS
- Cita de la fuente: Info. converted from 678, 2012-10-02
- Información encontrada: (b. 1927)